000 01057nam a2200301Ia 4500
003 OSt
005 20221007124044.0
006 a|||||r|||| 00| 0
007 ta
008 221006b |||||||| |||| 00| 0 eng d
020 _a8123909438 (pbk)
024 _a85468
037 _b706, 09/09/2009, Ashutosh Technical Books
_cTextbook
040 _aCDL
_cCDL
_beng
041 _2eng
_aeng
082 _aE:3, M6;5-;9 Carc
100 _aWillard Hobart H
245 0 _aInstrumental methods of analysis
_b Merritt Lynne L Dean John A Settle Frank A
250 _a7
260 _aNew
_bDelhi CBS Publishers and Distributors
_c1986
300 _axxxi, 895p.
_ccm.
500 _aIncludes bibliogrpahical references.; Appendices 860-877p.; Index 878-895p.
700 _a Dean John A
700 _a Merritt Lynne L
700 _a Settle Frank A
942 _hE:3, M6;5-;9 Carc
_cTB
_2CC
999 _c1212885
_d1212885